000 01091nam a2200289 a 4500
001 ebr10333848
003 CaPaEBR
006 m u
007 cr cn|||||||||
008 091123s2009 cm s 000 0 eng d
020 _z9789956558650
020 _z9789956615070
020 _z9956558656
040 _aCaPaEBR
_cCaPaEBR
035 _a(OCoLC)646835938
043 _af-cm---
050 1 4 _aPR9372.9.N54
_bL48 2009eb
100 1 _aNkengasong, John Nkemngong.
245 1 0 _aLetters to Marion (and the coming generations)
_h[electronic resource] :
_bpoems /
_cby John Nkemngong Nkengasong.
260 _aCameroon :
_bLangaa Research & Pub. CIG,
_c2009.
300 _a54 p.
533 _aElectronic reproduction.
_bPalo Alto, Calif. :
_cebrary,
_d2010.
_nAvailable via World Wide Web.
_nAccess may be limited to ebrary affiliated libraries.
651 0 _aCameroon
_vPoetry.
655 7 _aElectronic books.
_2local
710 2 _aebrary, Inc.
856 4 0 _uhttp://site.ebrary.com/lib/rucke/Doc?id=10333848
_zAn electronic book accessible through the World Wide Web; click to view
999 _c50270
_d50270